LEADER 01240nam a22003255i 4500 001 991002203219707536 007 cr nn 008mamaa 008 121227s1984 gw | s |||| 0|eng d 020 $a9783540391234 035 $ab14137318-39ule_inst 040 $aBibl. Dip.le Aggr. Matematica e Fisica - Sez. Matematica$beng 082 04$a519$223 084 $aAMS 49-02 084 $aAMS 93-02 245 00$aNonlinear analysis and optimization$h[e-book] :$bproceedings of the international conference held in Bologna, Italy, May 3?7, 1982 /$cedited by Calogero Vinti 260 $aBerlin :$bSpringer,$c1984 300 $a1 online resource (viii, 220 p.) 440 0$aLecture Notes in Mathematics,$x0075-8434 ;$v1107 650 0$aMathematics 650 0$aGlobal analysis (Mathematics) 650 0$aSystems theory 650 0$aMathematical optimization 700 1 $aVinti, Calogero 773 0 $aSpringer eBooks 856 40$uhttp://dx.doi.org/10.1007/BFb0101489$zAn electronic book accessible through the World Wide Web 907 $a.b14137318$b03-03-22$c05-09-13 912 $a991002203219707536 996 $aNonlinear analysis and optimization$979805 997 $aUNISALENTO 998 $ale013$b05-09-13$cm$d@ $e-$feng$ggw $h0$i0 LEADER 01456nam 22004813a 450 001 9910247443403321 005 20250203235433.0 010 $a9783038425823 010 $a3038425826 024 8 $a10.3390/books978-3-03842-582-3 035 $a(CKB)4100000001283623 035 $a(oapen)https://directory.doabooks.org/handle/20.500.12854/45085 035 $a(ScCtBLL)56ab5901-036c-4c4d-9970-b7641e39441e 035 $a(OCoLC)1048181237 035 $a(oapen)doab45085 035 $a(EXLCZ)994100000001283623 100 $a20250203i20172019 uu 101 0 $aeng 135 $aurmn|---annan 181 $ctxt$2rdacontent 182 $cc$2rdamedia 183 $acr$2rdacarrier 200 00$aDietary Fibers and Human Health$fMegan McCrory 210 $cMDPI - Multidisciplinary Digital Publishing Institute$d2017 210 1$aBasel, Switzerland :$cMDPI,$d2017. 215 $a1 electronic resource (X, 383 p.) 311 08$a9783038425816 311 08$a3038425818 330 $aDietary Fibers and Human Health 606 $aBiology, life sciences$2bicssc 610 $aDefinition 610 $aDietary fiber 610 $aFermentation 610 $aPrebiotic 610 $aGlucose control 615 7$aBiology, life sciences 700 $aMcCrory$b Megan$01786949 801 0$bScCtBLL 801 1$bScCtBLL 906 $aBOOK 912 $a9910247443403321 996 $aDietary Fibers and Human Health$94319497 997 $aUNINA